00995 2200241 4500001002100000005001500021035002000036007000300056008004100059020002200100082000800122084001400130100001300144245010800157250000600265260003000271300004800301650003100349700002400380700001700404520031500421990001700736INLIS00000000000069920260525093216 a0010-0523000241ta260525 b 1 ind  a978-602-341-362-1 a398 a398 WUL g0 aWulan BS1 aGelas Baru Bobi :baku balita hebat /cWulan BS ; editor, Winda Dwi Sustiana ; ilustrasi, Adlina Aldid aI aJakarta :bBestari,c2022 a24 :bilus. ; gambar berwarna ;c20.5 cme- 4aFiksi - Bacaan anak - anak0 aWinda Dwi Sustiana0 aAdlina Aldid aBobi biasa minum susu menggunakan botol. Suatu hari botol kesayangan Bobi hilang. Ibu menawarkan Bobi untuk minum susu menggunakan gelas. Tapi, Bobi tidak mau. Ia mau botol kesayangannya. Ayak membelikan Bobi sebuah gelas yang lucu. Apakah Bobi mau minum susu dengan gelas itu? Yuk, ikuti kelan jutan kisaknya. a00065/K/2022